Quizzes
Events
Quiz Creation
Community
Videos
Private Events
Remove Ads
Sign In
Join for FREE
Feedback
Dark Mode
Quiz Categories
Sports
Geography
Music
Movies
Television
Just For Fun
Miscellaneous
History
Literature
Language
Science
Gaming
Entertainment
Religion
Holiday
For Kids
Quiz Lab
Recent
Popular Today
Quiz Kudos Today
Editor Picks
Curator Picks
Quizzes by...
Day
Popularity
Type
Ratings
Length
Year
Community
Subscriptions
Recent Discussions
Orange Saloon
Badges
Playlists
Quests
Create
Leaderboards
Showdown
Live 5
Trivia Bingo
Activity
Puzzle Library
Sporcle Events
Private Events
Virtual Trivia
Globe League
Become a Host
Pub Owners
SporcleCon
Opinionation
Our Games
Videos
Blog
Mobile Apps
Partnerships
Remove Ads and Go Orange
Feedback
Music
Pop Music
The Beatles
Song
Album
Lyrics
Bands
Singers
Artist
Clip
Rock
Rap
Classical
Billboard
Country Music
Kpop
Taylor Swift
Music
Pop Music
The Beatles
Song
Album
Lyrics
Bands
Singers
Artist
Clip
Rock
Rap
Classical
Billboard
Country Music
Kpop
Taylor Swift
Random Quiz
Search Sporcle
×
Quiz Lab
Quiz Lab
Music
Lyrics
Type in answers that appear in a list
Type in answers that appear in a list
Classic
Best Score? Go Orange.
Dave Matthews Band Song Lyrics 4 Stats
Can you name the Dave Matthews Band Song Lyrics 4?
By
mrdanman
10m
198 Questions
1,463 Plays
1,463 Plays
1,463 Plays
Comments
Comments
Give Quiz Kudos
Give Quiz Kudos
-
- Ratings
hide this ad
More Info
Replay
Link that replays current quiz
Next Quiz
Link to next quiz in quiz playlist
You Got
0%
They Got
Avg Score
51%
Avg Friend Score
Upgrade to see
Score Distribution
Jump to the score distribution portion of the page
Score
0/198
Timer
10:00
0
Plays Today
% Correct
the
94.3%
the
94.3%
and
94.3%
the
94.3%
the
94.3%
A
94.3%
the
94.3%
a
94.3%
the
94.3%
the
94.3%
and
94.3%
a
94.3%
and
94.3%
a
94.3%
the
94.3%
a
94.3%
a
94.3%
a
94.3%
a
94.3%
the
94.3%
a
94.3%
a
94.3%
you
90.2%
you
90.2%
You
90.2%
you,
90.2%
You
90.2%
you
90.2%
you
90.2%
an
85.4%
me
82.8%
me
82.8%
me
82.8%
me
82.8%
to
77.8%
to
77.8%
We
76.8%
We
76.8%
we
76.8%
love
67.7%
love
67.7%
love
67.7%
It
67.3%
it
67.3%
it
67.3%
it
67.3%
it
67.3%
so
62.9%
so
62.9%
in
61.7%
for
60.1%
for
60.1%
For
60.1%
for
60.1%
for
60.1%
was
58%
was
58%
were
57.3%
were
57.3%
were
57.3%
were
57.3%
were
57.3%
could
56.6%
on
56.3%
on
56.3%
day
55.7%
% Correct
day
55.7%
day...
55.7%
your
55.6%
your
55.6%
time
54.7%
time
54.7%
time
54.7%
time...
54.7%
down
53.5%
my
53.4%
just
53.2%
just
53.2%
Just
53.2%
just
53.2%
of
52.8%
stay, stay, stay, stay, stay
50.4%
stay, stay, stay, stay, stay
50.4%
stay,stay,stay,stay,stay
50.4%
stay
50.4%
stay,stay,stay,stay,stay
50.4%
stay
50.4%
us
49.7%
us
49.7%
hot
49.4%
other
48.7%
by
48.5%
while
48.5%
by
48.5%
while
48.5%
while
48.5%
while
48.5%
while
48.5%
outside
48.2%
egg
48%
fry
47.8%
walking
47.2%
up
47.2%
wanna
47%
wanna
47%
Wanna
47%
wanna
47%
wanna
47%
wanna
47%
I
46.8%
I
46.8%
I
46.8%
I
46.8%
When
46.6%
makes
46.5%
good
46.4%
good
46.4%
good
46.4%
wasting
45.4%
wasting
45.4%
Wasting
45.4%
make
45%
at
42.6%
What
42.4%
life
42.2%
sweat
42%
as
41.4%
face
40.9%
this
40.1%
this
40.1%
roll
40%
hour
39%
% Correct
would
38.8%
Then
38.3%
then
38.3%
little
37.9%
nothing
37.7%
talking
37.5%
taste
37%
taste
37%
ran
36.8%
or
36.8%
fingertips
36.7%
fun
36.3%
let
36%
doing
35.6%
end
35.3%
all
35.1%
dancing
35%
rain
34.6%
right
34.2%
don't
34%
sun
33.9%
caught
33.5%
Oh,
33.4%
Oh
33.4%
never
33.1%
watched
32.9%
chin
32.9%
come
32.6%
began
32.5%
began
32.5%
over
32.3%
licked
31.4%
night
31%
moment
30.4%
kissing
30.3%
kissing
30.3%
head
29.9%
clouds
29.4%
wrong
28.9%
Reached
28.8%
wanna
28.6%
rolled
28.4%
Makes
28.2%
makes
28.2%
makes
28.2%
Remember
27.5%
later
26.7%
fade
26.7%
From
25.8%
Whether
25.5%
open
25.5%
moonlight
23.2%
into
22.9%
fine
22.1%
Hey
21.5%
thing
21.3%
splashing
21.3%
Now
20.9%
tongue
19.6%
miss
17.1%
mouths
17%
rolls
17%
mud
16.3%
rolling
15.4%
shall
11.3%
groping
8.4%
Quiz Playlist
Details
Report
Send in Message
Add To Playlist
More Info:
Try to guess which DMB song is below by typing in words to a song.
Classic:
Type in answers that appear in a list
Quiz Source
Last Updated: Feb 16, 2017
Quiz Scoreboard
CHALLENGE
Sign Up to Join the Scoreboard
Show All
Scores
Hide
Comments
May contain spoilers
Recently Published
9x9 Crossword: Cartoon Network
by jackfrog10
Miscellaneous
3m
College Basketball Coaching Resumes
by pancakes188
Sports
9m
Billboard Blitz: Fleetwood Mac
by CooCooCachoo
Music
15s
More to Explore
Quiz From the Vault
Featured Blog Post
Where Did the Easter Bunny Come From?
hide this ad
You Might Also Like...
Tags
Bands Quiz
Lyrics Quiz
Song Quiz
Dave
Dave Matthews
Matthew
Today's Top Quizzes in Music
Browse Music
hide this ad
Today's Top Quizzes in Lyrics
Browse Lyrics
Top Contributed Quizzes in Music
1
Taylor Swift All Songs (2024)
2
Guess the Artist- 70s Songs
3
7-to-1: Billboard Hot 100 #1 Hits of 2010s
4
Sorting Albums and Songs
5
Taylor Swift Logic Puzzle
6
KPOP LOGIC QUIZ
7
Guess the Taylor Swift song (Mystery Song)
8
Guess The Taylor Swift Lyrics Song #1
9
Billboard Blitz: ABBA
10
One Thing in Common: Music
Explore More
Trending Topics
Harry Potter
NBA
Anime
Kpop
Marvel
Disney
Crossword
Puzzle
Country
Song
WWE
Soccer
The Office
Pokémon
NFL
hide this ad
More By:
mrdanman
Quiz
Plays
Rating
Category
Featured
Created
Dave Matthews Band Song Lyrics 2
1,466
4.33
Music
May 11, 2010
Dave Matthews Band Song Lyrics 4
1,463
2.75
Music
May 16, 2010
Dave Matthews Band Song Lyrics 5
1,313
3.33
Music
May 17, 2010
Mass Effect Characters
1,301
3.40
Gaming
Jan 29, 2010
Dave Matthews Band Song Lyrics 1
955
4.00
Music
May 11, 2010
Go to Creator's Profile
Score Distribution
Quiz Creator Spotlight
mrdanman
Follow
Send a Message
Quizzes Created
-
Created Quiz Play Count
-
More By This Creator
Popular Quizzes Today
1
Find the US States - No Outlines Minefield
2
Find the Countries of Europe - No Outlines Minefield
3
The Countries of the World
4
Find the US States
5
Risky Map Clicking: Biggest States A-Z
6
US States
7
Popular People in 1961
8
Movies - When Are They Set?
More Music Quizzes
Nine 'B' Singers (Men)
Published
Trending Quizzes
Risky Map Clicking: Least Populous States A-Z
1-10 Letter G Words
1-10 Letter F Words
Risky Map Clicking: Next State Alphabetically
Adjectives in 80s TV Shows
Recently Updated
Leaping Animals
pecheneg
Reality TV Shows (A-Z)
bhenderson79
Rickey Henderson's Hall of Fame Teammates
pecheneg
Champions League XIs: Arsenal
pecheneg
Quick Pick: Celebrities in WWE's Hall of Fame
aduchscher
A-Z Keypad Blitz II
pecheneg
Multiple Oscar Actors
pecheneg
Mystery Phrase Blitz: Oscar 'Best Actors'
pecheneg
F. Scott Fitzgerald Novels
LTH
Pick 3 Villains
ddd62291
Trending Topics
Crossword
Disney
NBA
Anime
Marvel
Kpop
Harry Potter
WWE
Puzzle
The Office
Song
Soccer
Country
NFL
Pokémon
Your Account Isn't Verified!
In order to create a playlist on Sporcle, you need to verify the email address you used during registration. Go to your
Sporcle Settings
to finish the process.
Report this User
Report this user for behavior that violates our
Community Guidelines
.
Details:
Send Report
Go to the Sporcle.com Mobile Site →
Comments